书目信息 |
| 题名: |
舰船冲击防护理论及应用
|
|
| 作者: | 华宏星 , 张磊 , 谌勇 著 | |
| 分册: | 下册 | |
| 出版信息: | 北京 科学出版社 2021.11 |
|
| 页数: | 187页 | |
| 开本: | 24cm | |
| 丛书名: | 舰船系统工程丛书 | |
| 单 册: | ||
| 中图分类: | U674.7 | |
| 科图分类: | ||
| 主题词: | 军用船--jun yong chuan--冲击 (军事)--防护 | |
| 电子资源: | ||
| ISBN: | 978-7-03-068837-8 | |
| 000 | 01155nam 2200289 450 | |
| 001 | 2239124979 | |
| 005 | 20221004105224.79 | |
| 010 | @a978-7-03-068837-8@dCNY108.00 | |
| 092 | @aCN@bRt1005-0547 | |
| 100 | @a20211228d2021 em y0chiy50 ea | |
| 101 | 0 | @achi |
| 102 | @aCN@b110000 | |
| 105 | @aa a 000yy | |
| 200 | 1 | @a舰船冲击防护理论及应用@Ajian chuan chong ji fang hu li lun ji ying yong@h下册@f华宏星, 张磊, 谌勇著 |
| 210 | @a北京@c科学出版社@d2021.11 | |
| 215 | @a187页@c图@d24cm | |
| 225 | 2 | @a舰船系统工程丛书@Ajian chuan xi tong gong cheng cong shu |
| 320 | @a有书目 | |
| 330 | @a本书系统介绍了冲击信号的时域和频域分析方法, 冲击问题和振动问题的区别, 冲击响应谱的特性分析, 冲击响应动态设计方法, 水面舰船和潜艇近场及远场冲击环境与响应预报理论方法 ; 系统介绍了人员、设备和整船冲击防护技术, 以及最新冲击试验技术和冲击考核试验系统设计方法。 | |
| 410 | 0 | @12001 @a舰船系统工程丛书 |
| 606 | 0 | @a军用船@Ajun yong chuan@x冲击 (军事)@x防护 |
| 690 | @aU674.7@v5 | |
| 701 | 0 | @a华宏星@Ahua hong xing@4著 |
| 701 | 0 | @a张磊@Azhang lei@4著 |
| 701 | 0 | @a谌勇@Achen yong@4著 |
| 801 | 0 | @aCN@b人天书店@c20211228 |
| 905 | @aZUCC@dU674.7@e5:2 | |
| 舰船冲击防护理论及应用.下册/华宏星, 张磊, 谌勇著.-北京:科学出版社,2021.11 |
| 187页:图;24cm.-(舰船系统工程丛书) |
| ISBN 978-7-03-068837-8:CNY108.00 |
| 本书系统介绍了冲击信号的时域和频域分析方法, 冲击问题和振动问题的区别, 冲击响应谱的特性分析, 冲击响应动态设计方法, 水面舰船和潜艇近场及远场冲击环境与响应预报理论方法 ; 系统介绍了人员、设备和整船冲击防护技术, 以及最新冲击试验技术和冲击考核试验系统设计方法。 |
| ● |
| 相关链接 |
|
|
|
正题名:舰船冲击防护理论及应用
索取号:U674.7/5:2
 
预约/预借
| 序号 | 登录号 | 条形码 | 馆藏地/架位号 | 状态 | 备注 |
| 1 | 2000910718 | 2000910718 | 第三书库/ [索取号:U674.7/5:2] | 在馆 | |
| 2 | 2000910719 | 2000910719 | 第三书库/ [索取号:U674.7/5:2] | 在馆 | |
| 3 | 2000910720 | 2000910720 | 第三书库/ [索取号:U674.7/5:2] | 在馆 |